Yankees Postseason Losses - Statistics

General Stats
  • This quiz has been taken 89 times
  • The average score is 14 of 16
Answer Stats
Year Round Answer % Correct
2022 ALCS Houston Astros
99%
2019 ALCS Houston Astros
99%
2017 ALCS Houston Astros
99%
2015 Wild Card Houston Astros
99%
2021 Wild Card Boston Red Sox
97%
2018 ALDS Boston Red Sox
97%
2004 ALCS Boston Red Sox
97%
2020 ALDS Tampa Bay Rays
94%
2012 ALCS Detroit Tigers
85%
2011 ALDS Detroit Tigers
85%
2006 ALDS Detroit Tigers
85%
2007 ALDS Cleveland Indians
84%
2010 ALCS Texas Rangers
84%
2003 World Series Florida Marlins
82%
2005 ALDS Los Angeles Angels
79%
2002 ALDS Los Angeles Angels
79%
No matching quizzes found
Score Distribution
Percent of People with Each Score
Percentile by Number Answered
Your Score History
You have not taken this quiz